000 00565nam a2200181Ia 4500
005 20250508152212.0
008 008 250505s9999 xx 000 0 eng d
037 _aBooks to be hide in OPAC
040 _aFEDL
_beng
_cFEDL
041 _aeng
_2eng
084 _a370.19, ROU/O
_qFEDL
100 _aRoucek Joseph S.
245 0 _aSociological foundations of education : A textbook in educational sociology
260 _aNew York, USA
_bThomas Y Crowell Company
_c1942
300 _a771p.
942 _cHB
_h370.19, ROU/O
999 _c1334938
_d1334938